000 01438 a2200265 4500
999 _c10951
_d10951
020 _a1880656892, 9781880656891
050 0 0 _aPN1993.5
_bMES 2005
100 1 _aMes, Tom,
_d1974-
_eauthor
245 1 4 _aThe Midnight Eye guide to new Japanese film /
_cTom Mes
264 _aBerkeley, Calif. :
_bStone Bridge Press,
_c
300 _axiv, 365 pages :
_billustrations ;
336 _2rdacontent
_atext
_btxt
337 _2rdamedia
_aunmediated
_bn
338 _2rdacarrier
_avolume
_bnc
504 _aIncludes bibliographical references (p. 346-348) and index.
520 _aThanks to directors such as Kitano, Miike and Miyazaki, Japanese cinema has recently undergone something of a resurgence. This title profiles the work of these established film-makers, as well as looking at the creations of new, up-and-coming directors
650 0 _aMotion pictures
_xHistory.
651 _aJapan
700 1 _aSharp, Jasper,
_d1971-
_eauthor
856 4 1 _3Table of contents only
_uhttp://www.loc.gov/catdir/toc/ecip051/2004022653.html
856 4 2 _3Publisher description
_uhttp://www.loc.gov/catdir/enhancements/fy0617/2004022653-d.html
856 4 2 _3Contributor biographical information
_uhttp://www.loc.gov/catdir/enhancements/fy1004/2004022653-b.html
942 _2lcc
_cBK
_h1993.5
_iMES
_kPN